| 000 | 00422nam a22001457a 4500 | ||
|---|---|---|---|
| 020 | _a0 7161 0203 X | ||
| 082 | _a388.11 COO | ||
| 100 | _aCooke,P.N.C. | ||
| 245 | _aFinancial Analysis of Motor Transport Operation | ||
| 260 |
_aBraitain _bRedwood Burn Limited,Trowbridge & Esher _c1994 |
||
| 300 |
_axiii,160p. _biil:,25cm |
||
| 500 | _aincludes index,appendix and bibliography | ||
| 650 | _aOperation cost | ||
| 942 | _cBK | ||
| 999 |
_c17427 _d17427 |
||